000 00389nam a2200145Ia 4500
008 230917s9999||||xx |||||||||||||| ||und||
040 _e136437
_aMAIN
041 _aEnglish
082 _a821.8 E46V:R
100 _aVerma, Rajendra
245 0 _aRoyalist in politics: T S Eliot and political philosophy
260 _aBombay
_bAsia Publishing House
_c1968
300 _a192 p.
942 _cBK
999 _c42752
_d42752